00628nam a2200193Ia 450000100060000000800410000602000180004704000130006508200200007810000170009824501040011526000360021930000110025554600070026665000270027394200070030099900170030795201100032450973140502s9999 xx 000 0 und d a9780385531351 cPK-LaUMT a 956.013bHOL-S aHolland, Tom aIn the shadow of the swordbthe birth of Islam and the rise of the global Arab empirecHolland, Tom aNew York,USA:bDoubleday,c2012 a526 p. aEN aIslamic empire-History cBK c48480d48480 00104070a01b01d2014-05-02l5o 956.013 HOL-Sp61146r2025-01-07 19:12:33s2024-12-13w2014-05-08yBK